| 000 | 00484 a2200145 4500 | ||
|---|---|---|---|
| 003 | OSt | ||
| 005 | 20260209171654.0 | ||
| 008 | 260209b |||||||| |||| 00| 0 eng d | ||
| 020 | _a9789395664820 | ||
| 100 |
_aआफळे ग _9216699 |
||
| 245 | _aव्यथा हिंदुस्तानच्या फाळणीची | ||
| 260 |
_bभारतीय विचार साधना प्रकाशन _c2023 _aपुणे |
||
| 300 | _a488pp. | ||
| 942 |
_cBK _2ddc |
||
| 999 |
_c370119 _d370119 |
||